000 01581cam a22001934a 4500
005 20250605164124.0
008 250528s ||||||||||||||||||||||||d
035 _a18398
020 _a9607293150
040 _aGR-AtMCL
_bgre
_dGR-AtMCL
_eAACR2
245 1 _aΗ Ευρώπη σε Μεταλλαγή / Η Ευρωπαϊκή Κοινότητα και η Ελλάδα στη Νέα Προοπτική
260 _bΘεμέλιο,
_c1990
300 _a312
520 _aΜια εξαιρετικά επίκαιρη συμβολή στην κατανόηση των ιστορικών αλλαγών που συντελούνται στην Ευρώπη και την Ευρωπαϊκή κοινότητα ειδικότερα καθώς και των συνεπειών τους για τις διεθνείς σχέσεις και τη δυναμική του Διεθνούς οικονομικού και πολιτικού συστήματος. Πρόλογος: Η Δυναμική της Ευρωπαϊκής Ενοποίησης, Οι Θεωρητικές και Ιδεολογικές Πτυχές, Οι Πολιτικές Πτυχές και Προοπτικές, Η Ενιαία Αγορά και οι Οικονομικές Πτυχές, Η Ευρωπαϊκή Πολιτική της Ελλάδας, Η Αριστερά και η Ευρωπαϊκή Ενοποίηση, Βασική Βιβλιογραφία, Βιβλιογραφική Υποσημείωση.
700 1 _aΙωακειμίδης Π. Κ
_92654
942 _cBK
999 _c3759
_d3759